| 000 | 00430nam a22001697a 4500 | ||
|---|---|---|---|
| 003 | MPLRDC | ||
| 005 | 20220104142839.0 | ||
| 008 | 210129b ||||| |||| 00| 0 eng d | ||
| 082 | _a494.3 NTZE-2 | ||
| 100 | _a内田知二 | ||
| 245 |
_a部属指导 _c何太夫译 |
||
| 260 |
_a _b现代工商出版社 _c |
||
| 300 | _b平 | ||
| 490 | _a现代市场工商实务丛书 | ||
| 650 | _a人事管理 | ||
| 942 |
_cBK _o494.3 NTZE-2 |
||
| 999 |
_c34206 _d34196 |
||